Electric machinery and transformers (Record no. 440)

000 -LEADER
fixed length control field 00469nam a2200193 4500
001 - CONTROL NUMBER
control field 440
003 - CONTROL NUMBER IDENTIFIER
control field BD-DhUET
008 - FIXED-LENGTH DATA ELEMENTS--GENERAL INFORMATION
fixed length control field 140721b xxu||||| |||| 00| 0 eng d
020 ## - INTERNATIONAL STANDARD BOOK NUMBER
International Standard Book Number 81203007755
040 ## - CATALOGING SOURCE
Transcribing agency 0
Modifying agency BD-DhUET
082 ## - DEWEY DECIMAL CLASSIFICATION NUMBER
Classification number 623.1042
Item number KOS/1991
100 ## - MAIN ENTRY--PERSONAL NAME
Personal name Kosow, Irving L.
245 ## - TITLE STATEMENT
Title Electric machinery and transformers
250 ## - EDITION STATEMENT
Edition statement 2nd ed.
260 ## - PUBLICATION, DISTRIBUTION, ETC. (IMPRINT)
Place of publication, distribution, etc. New Delhi
Name of publisher, distributor, etc. Prentice-Hall
Date of publication, distribution, etc. 1991
300 ## - PHYSICAL DESCRIPTION
Extent xiv,626p.
650 #0 - SUBJECT ADDED ENTRY--TOPICAL TERM
Topical term or geographic name as entry element Electric machinery
942 ## - ADDED ENTRY ELEMENTS (KOHA)
Koha item type General Book
Holdings
Koha date last borrowed Date acquired Koha full call number Koha issues (times borrowed) Piece designation (barcode) Koha item type Lost status Price effective from Damaged status Koha date last seen Location (home branch) Source of classification or shelving scheme Shelving location Copy number Koha normalized classification for sorting Withdrawn status Not for loan Sublocation or collection (holding branch)
 2014-07-21623.1042/KOS/1991 103680General Book 2014-07-21 2014-07-21Central Library, BUET Circulation section1623_104200000000000_KOS_1991  Central Library, BUET
 2014-07-21623.1042/KOS/1991 103681General Book 2014-07-21 2016-12-07Central Library, BUET Circulation section2623_104200000000000_KOS_1991  Central Library, BUET
2021-12-052014-07-21623.1042/KOS/19911103682General Book 2014-07-21 2021-12-15Central Library, BUET Circulation section3623_104200000000000_KOS_1991  Central Library, BUET
 2014-07-21623.1042/KOS/1991 103683General Book 2014-07-21 2014-07-21Central Library, BUET Circulation section4623_104200000000000_KOS_1991  Central Library, BUET
 2014-07-21623.1042/KOS/1991 103684General Book 2014-07-21 2014-07-21Central Library, BUET Circulation section5623_000000000000000_1042KOS199  Central Library, BUET
 2014-07-21623.1042/KOS/1991 103685General Book 2014-07-21 2014-07-21Central Library, BUET Circulation section6623_104200000000000_KOS_1991  Central Library, BUET
 2014-07-21623.1042/KOS/1991 103686General Book 2014-07-21 2014-07-21Central Library, BUET Circulation section7623_104200000000000_KOS_1991  Central Library, BUET
 2014-07-21623.1042/KOS/1991 103688General Book 2014-07-21 2016-11-29Central Library, BUET Circulation section8623_000000000000000_1042KOS199  Central Library, BUET
 2014-07-21623.1042/KOS/1991 103689General Book 2014-07-21 2017-03-11Central Library, BUET Circulation section9623_104200000000000_KOS_1991  Central Library, BUET